| 000 | 00596nam a2200229Ia 4500 | ||
|---|---|---|---|
| 003 | OSt | ||
| 005 | 20220912144337.0 | ||
| 006 | a|||||r|||| 00| 0 | ||
| 007 | ta | ||
| 008 | 220909b |||||||| |||| 00| 0 eng d | ||
| 020 | _aSL0694211 | ||
| 024 | _a196185 | ||
| 037 | _cTextual | ||
| 040 |
_aCSL _beng _cCSL |
||
| 041 | _aeng | ||
| 082 | _aY49(x8(A):45.5.9M:N68, L8.1 | ||
| 100 | _aCrouch C | ||
| 245 | 0 | _aResurgence of class conflict in western Europe | |
| 700 | _aCrouch C | ||
| 942 |
_hY49(x8(A):45.5.9M:N68, L8.1 _cTEXL _2CC |
||
| 999 |
_c5547 _d5547 |
||